000 002580000a22000970004500
100 1 _aBalbekin, Alexander
245 1 0 _aEl fondo de rampa : Promoción de la cultura en Kirgistán
300 _aNúm 58 (2004), Páginas 12
773 0 _tPaso a paso
942 _cANA
999 _c52700
_d52700